[Event "Irena Warakomska Memorial B"]
[Site "Suwalki"]
[Date "2020.08.07"]
[Round "2"]
[White "Sapinski, Sebastian"]
[Black "Sapeta, Robert"]
[Result "1/2-1/2"]
[Board "4"]
[WhiteElo "1599"]
[WhiteCountry "POL"]
[WhiteFideId "21817340"]
[WhiteEloChange "7"]
[BlackElo "1895"]
[BlackCountry "POL"]
[BlackFideId "1118676"]
[BlackEloChange "-7"]

1. e4 {[%clk 1:30:57]} g6 {[%clk 1:30:48]} 2. d4 {[%clk 1:31:03]} Bg7 {[%clk
1:31:13]} 3. Nf3 {[%clk 1:29:32]} d6 {[%clk 1:31:21]} 4. Bc4 {[%clk 1:25:46]} Nf6
{[%clk 1:30:51]} 5. Nbd2 {[%clk 1:21:57]} O-O {[%clk 1:23:37]} 6. O-O {[%clk
1:18:34]} c6 {[%clk 1:19:40]} 7. c3 {[%clk 1:13:28]} Nbd7 {[%clk 1:16:51]} 8. Re1
{[%clk 1:09:41]} e5 {[%clk 1:15:43]} 9. Bb3 {[%clk 1:05:49]} b5 {[%clk 1:11:35]}
10. a4 {[%clk 1:01:42]} a5 {[%clk 1:03:02]} 11. Nf1 {[%clk 0:55:09]} h6 {[%clk
1:01:09]} 12. h3 {[%clk 0:51:07]} Bb7 {[%clk 0:54:40]} 13. Ng3 {[%clk 0:43:08]}
exd4 {[%clk 0:29:59]} 14. cxd4 {[%clk 0:41:47]} bxa4 {[%clk 0:29:41]} 15. Bxa4
{[%clk 0:37:24]} Nb6 {[%clk 0:20:02]} 16. Bb3 {[%clk 0:28:20]} c5 {[%clk
0:14:55]} 17. e5 {[%clk 0:24:59]} dxe5 {[%clk 0:05:19]} 18. dxc5 {[%clk 0:19:03]}
Qxd1 {[%clk 0:05:24]} 19. Bxd1 {[%clk 0:19:22]} Nbd7 {[%clk 0:05:19]} 20. Nxe5
{[%clk 0:17:24]} Nxc5 {[%clk 0:05:00]} 21. Be3 {[%clk 0:15:54]} Ne6 {[%clk
0:04:38]} 22. Bb3 {[%clk 0:13:45]} Bd5 {[%clk 0:04:44]} 23. Bxd5 {[%clk 0:10:48]}
Nxd5 {[%clk 0:05:09]} 24. Bd2 {[%clk 0:10:50]} Nc5 {[%clk 0:03:02]} 25. Rxa5
{[%clk 0:09:37]} Rxa5 {[%clk 0:03:18]} 26. Bxa5 {[%clk 0:10:00]} Nb3 {[%clk
0:03:28]} 27. Bc3 {[%clk 0:09:42]} Re8 {[%clk 0:02:50]} 28. Nc4 {[%clk 0:07:03]}
Rxe1+ {[%clk 0:02:05]} 29. Bxe1 {[%clk 0:07:26]} Nf4 {[%clk 0:02:09]} 30. Bc3
{[%clk 0:07:24]} Bxc3 {[%clk 0:02:13]} 31. bxc3 {[%clk 0:07:50]} Nc1 {[%clk
0:01:47]} 32. Kf1 {[%clk 0:06:59]} Na2 {[%clk 0:02:10]} 33. Ne2 {[%clk 0:05:09]}
Nxe2 {[%clk 0:02:27]} 34. Kxe2 {[%clk 0:05:28]} Nxc3+ {[%clk 0:02:55]} 35. Kd3
{[%clk 0:04:30]} 1/2-1/2

[Event "Irena Warakomska Memorial B"]
[Site "Suwalki"]
[Date "2020.08.07"]
[Round "2"]
[White "Widelski, Kacper"]
[Black "Pieczulis, Blazej"]
[Result "1-0"]
[Board "6"]
[WhiteElo "1879"]
[WhiteCountry "POL"]
[WhiteFideId "1159950"]
[WhiteEloChange "3"]
[BlackElo "1595"]
[BlackCountry "POL"]
[BlackFideId "21840970"]
[BlackEloChange "-3"]

1. c4 {[%clk 1:30:56]} Nf6 {[%clk 1:30:52]} 2. g3 {[%clk 1:30:54]} e6 {[%clk
1:30:13]} 3. Bg2 {[%clk 1:31:13]} Be7 {[%clk 1:30:06]} 4. Nf3 {[%clk 1:30:10]}
O-O {[%clk 1:29:42]} 5. O-O {[%clk 1:30:17]} d5 {[%clk 1:28:19]} 6. d4 {[%clk
1:29:59]} Nbd7 {[%clk 1:26:11]} 7. Nc3 {[%clk 1:23:41]} c6 {[%clk 1:23:50]} 8. e3
{[%clk 1:22:01]} dxc4 {[%clk 1:22:15]} 9. Nd2 {[%clk 1:04:55]} e5 {[%clk
1:15:36]} 10. Nxc4 {[%clk 0:56:28]} exd4 {[%clk 1:15:29]} 11. Qxd4 {[%clk
0:49:55]} Nb6 {[%clk 1:12:15]} 12. Nxb6 {[%clk 0:43:11]} Qxd4 {[%clk 1:11:42]}
13. exd4 {[%clk 0:43:05]} axb6 {[%clk 1:12:05]} 14. d5 {[%clk 0:42:08]} cxd5
{[%clk 1:03:47]} 15. Nxd5 {[%clk 0:40:07]} Nxd5 {[%clk 0:59:56]} 16. Bxd5 {[%clk
0:40:21]} Ra5 {[%clk 0:59:58]} 17. Be4 {[%clk 0:29:56]} Be6 {[%clk 0:53:33]} 18.
a3 {[%clk 0:27:42]} Bc4 {[%clk 0:46:09]} 19. Re1 {[%clk 0:23:37]} Bb4 {[%clk
0:38:53]} 20. Rd1 {[%clk 0:21:50]} Bb3 {[%clk 0:35:35]} 21. Bd2 {[%clk 0:18:21]}
Bxd2 {[%clk 0:26:33]} 22. Rxd2 {[%clk 0:18:44]} Re5 {[%clk 0:26:04]} 23. Bxb7
{[%clk 0:17:33]} g6 {[%clk 0:26:11]} 24. Rc1 {[%clk 0:16:19]} Rfe8 {[%clk
0:26:00]} 25. Rc8 {[%clk 0:13:02]} Rxc8 {[%clk 0:25:56]} 26. Bxc8 {[%clk
0:13:30]} Bd5 {[%clk 0:26:04]} 27. f4 {[%clk 0:13:42]} Re1+ {[%clk 0:25:46]} 28.
Kf2 {[%clk 0:14:04]} Rc1 {[%clk 0:26:12]} 29. Rxd5 {[%clk 0:14:00]} Rxc8 {[%clk
0:26:38]} 30. Rb5 {[%clk 0:13:38]} Rc6 {[%clk 0:26:49]} 31. a4 {[%clk 0:10:29]}
Kg7 {[%clk 0:27:08]} 32. b4 {[%clk 0:10:15]} Kf6 {[%clk 0:27:24]} 33. a5 {[%clk
0:10:33]} bxa5 {[%clk 0:27:28]} 34. bxa5 {[%clk 0:10:34]} Ke6 {[%clk 0:27:42]}
35. Rb6 {[%clk 0:09:47]} Rxb6 {[%clk 0:22:10]} 36. axb6 {[%clk 0:10:15]} Kd6
{[%clk 0:22:32]} 37. Ke3 {[%clk 0:10:31]} Kc6 {[%clk 0:22:59]} 38. Ke4 {[%clk
0:10:29]} f6 {[%clk 0:23:23]} 39. b7 {[%clk 0:10:46]} Kxb7 {[%clk 0:23:49]} 40.
Kd5 {[%clk 0:40:42]} Kc7 {[%clk 0:53:45]} 41. Ke6 {[%clk 0:40:36]} f5 {[%clk
0:53:37]} 42. Kf7 {[%clk 0:40:12]} Kd7 {[%clk 0:53:32]} 43. Kg7 {[%clk 0:40:07]}
Ke7 {[%clk 0:53:28]} 44. Kxh7 {[%clk 0:40:03]} Kf7 {[%clk 0:53:18]} 45. Kh6
{[%clk 0:39:52]} Kf6 {[%clk 0:53:12]} 46. h4 {[%clk 0:39:42]} Kf7 {[%clk
0:52:57]} 47. h5 {[%clk 0:39:31]} gxh5 {[%clk 0:52:36]} 48. Kxh5 {[%clk 0:39:26]}
Kf6 {[%clk 0:52:24]} 49. Kh6 {[%clk 0:39:21]} Kf7 {[%clk 0:52:16]} 50. Kg5 {[%clk
0:39:17]} Ke6 {[%clk 0:52:10]} 51. Kg6 {[%clk 0:39:14]} Ke7 {[%clk 0:52:05]} 52.
Kxf5 {[%clk 0:39:10]} 1-0

[Event "Irena Warakomska Memorial B"]
[Site "Suwalki"]
[Date "2020.08.07"]
[Round "2"]
[White "Lukasik, Zuzanna"]
[Black "Cwiek, Ryszard"]
[Result "1/2-1/2"]
[Board "7"]
[WhiteElo "1553"]
[WhiteCountry "POL"]
[WhiteFideId "21813906"]
[WhiteEloChange "7"]
[BlackElo "1867"]
[BlackCountry "POL"]
[BlackFideId "21840920"]
[BlackEloChange "-7"]

1. e4 {[%clk 1:30:30]} e6 {[%clk 1:30:47]} 2. d4 {[%clk 1:30:53]} d5 {[%clk
1:31:12]} 3. Nd2 {[%clk 1:31:11]} Nf6 {[%clk 1:31:08]} 4. e5 {[%clk 1:31:34]}
Nfd7 {[%clk 1:31:25]} 5. Bd3 {[%clk 1:30:29]} c5 {[%clk 1:31:45]} 6. c3 {[%clk
1:30:40]} Nc6 {[%clk 1:30:24]} 7. Ne2 {[%clk 1:29:19]} cxd4 {[%clk 1:17:31]} 8.
cxd4 {[%clk 1:29:29]} f6 {[%clk 1:01:54]} 9. exf6 {[%clk 1:28:17]} Nxf6 {[%clk
1:02:12]} 10. Nf3 {[%clk 1:26:17]} Bd6 {[%clk 1:02:16]} 11. O-O {[%clk 1:25:22]}
O-O {[%clk 1:02:13]} 12. Bg5 {[%clk 1:22:06]} Qe8 {[%clk 0:55:45]} 13. Re1 {[%clk
1:15:38]} Ne4 {[%clk 0:34:34]} 14. Be3 {[%clk 1:00:45]} Qh5 {[%clk 0:28:00]} 15.
Ng3 {[%clk 0:57:30]} Nxg3 {[%clk 0:23:07]} 16. fxg3 {[%clk 0:56:56]} Be7 {[%clk
0:18:54]} 17. Bf4 {[%clk 0:51:26]} Bf6 {[%clk 0:18:55]} 18. Bb5 {[%clk 0:46:52]}
Bd7 {[%clk 0:14:59]} 19. Bxc6 {[%clk 0:45:21]} bxc6 {[%clk 0:15:28]} 20. Ne5
{[%clk 0:43:30]} Qxd1 {[%clk 0:15:48]} 21. Raxd1 {[%clk 0:43:46]} Be8 {[%clk
0:11:11]} 22. Rc1 {[%clk 0:41:34]} Rc8 {[%clk 0:11:21]} 23. Bd2 {[%clk 0:39:39]}
Rb8 {[%clk 0:09:40]} 24. Bc3 {[%clk 0:38:47]} Be7 {[%clk 0:08:42]} 25. Nd3 {[%clk
0:33:28]} Rf6 {[%clk 0:08:53]} 26. a3 {[%clk 0:31:17]} a5 {[%clk 0:06:33]} 27.
Bxa5 {[%clk 0:27:40]} Bg6 {[%clk 0:06:57]} 28. Bb4 {[%clk 0:25:55]} Bxd3 {[%clk
0:06:14]} 29. Bxe7 {[%clk 0:26:17]} Rg6 {[%clk 0:06:28]} 30. b4 {[%clk 0:22:14]}
Bb5 {[%clk 0:06:46]} 31. Re3 {[%clk 0:21:48]} Kf7 {[%clk 0:06:25]} 32. Bd6 {[%clk
0:21:43]} Rd8 {[%clk 0:06:37]} 33. Be5 {[%clk 0:21:50]} Rg4 {[%clk 0:05:55]} 34.
h3 {[%clk 0:18:23]} Rg6 {[%clk 0:04:53]} 35. Rc2 {[%clk 0:17:49]} Ra8 {[%clk
0:04:34]} 36. Rf3+ {[%clk 0:17:21]} Kg8 {[%clk 0:04:41]} 37. Rcf2 {[%clk
0:16:00]} h5 {[%clk 0:04:50]} 38. Bd6 {[%clk 0:15:12]} Kh7 {[%clk 0:04:31]} 39.
Re3 {[%clk 0:15:11]} Kg8 {[%clk 0:04:17]} 40. Be5 {[%clk 0:14:38]} Bc4 {[%clk
0:34:06]} 41. Rc2 {[%clk 0:43:59]} Bb5 {[%clk 0:34:02]} 42. Ra2 {[%clk 0:43:25]}
Ba4 {[%clk 0:33:08]} 43. Bf4 {[%clk 0:42:59]} Rf6 {[%clk 0:30:30]} 44. Re5 {[%clk
0:41:45]} g6 {[%clk 0:30:50]} 45. Rae2 {[%clk 0:39:28]} Kf7 {[%clk 0:30:01]} 46.
h4 {[%clk 0:37:04]} Re8 {[%clk 0:29:26]} 47. Bg5 {[%clk 0:36:18]} Rf5 {[%clk
0:29:51]} 48. Rf2 {[%clk 0:36:27]} Ra8 {[%clk 0:27:38]} 49. Re3 {[%clk 0:35:44]}
Bb5 {[%clk 0:27:11]} 50. Bf4 {[%clk 0:35:18]} Ba4 {[%clk 0:26:23]} 51. Rd2 {[%clk
0:35:16]} Bb5 {[%clk 0:26:25]} 52. Kh2 {[%clk 0:34:50]} Ke7 {[%clk 0:25:32]} 53.
Rd1 {[%clk 0:33:37]} Kd7 {[%clk 0:23:30]} 54. Kh3 {[%clk 0:31:26]} Rff8 {[%clk
0:20:22]} 55. Rde1 {[%clk 0:30:56]} Rae8 {[%clk 0:19:00]} 56. Rf3 {[%clk
0:30:42]} Rf5 {[%clk 0:16:47]} 57. g4 {[%clk 0:26:15]} hxg4+ {[%clk 0:17:14]} 58.
Kxg4 {[%clk 0:26:29]} Ref8 {[%clk 0:17:03]} 59. Be5 {[%clk 0:23:17]} Rxf3 {[%clk
0:17:00]} 60. gxf3 {[%clk 0:23:37]} Bd3 {[%clk 0:16:24]} 61. Re3 {[%clk 0:22:25]}
Bf5+ {[%clk 0:15:51]} 62. Kg5 {[%clk 0:22:07]} Ra8 {[%clk 0:15:54]} 63. Rc3
{[%clk 0:20:43]} Ra7 {[%clk 0:15:11]} 64. Kf6 {[%clk 0:19:14]} Ra8 {[%clk
0:14:18]} 65. f4 {[%clk 0:17:56]} Rf8+ {[%clk 0:12:55]} 66. Kg7 {[%clk 0:16:43]}
Ra8 {[%clk 0:13:21]} 67. Kf7 {[%clk 0:15:44]} Ra7 {[%clk 0:12:54]} 68. Kf6 {[%clk
0:15:29]} Ra8 {[%clk 0:13:15]} 69. Kf7 {[%clk 0:14:19]} Ra7 {[%clk 0:13:40]} 70.
Rg3 {[%clk 0:13:05]} Ra8 {[%clk 0:13:29]} 71. Rc3 {[%clk 0:11:53]} Ra7 {[%clk
0:13:23]} 72. Rg3 {[%clk 0:11:52]} Ra8 {[%clk 0:13:48]} 73. Kg7 {[%clk 0:10:07]}
Ra7 {[%clk 0:14:03]} 74. Kh6 {[%clk 0:10:22]} Ra4 {[%clk 0:07:49]} 75. h5 {[%clk
0:10:00]} gxh5 {[%clk 0:08:15]} 76. Kxh5 {[%clk 0:10:22]} Kd8 {[%clk 0:07:43]}
77. Kg5 {[%clk 0:07:51]} Kc8 {[%clk 0:07:59]} 78. Kf6 {[%clk 0:08:02]} Kb7 {[%clk
0:08:17]} 79. Ke7 {[%clk 0:08:03]} Ra8 {[%clk 0:07:47]} 80. Kd7 {[%clk 0:05:54]}
Kb6 {[%clk 0:05:12]} 81. Ke7 {[%clk 0:04:24]} Ra7+ {[%clk 0:04:20]} 82. Kf6
{[%clk 0:04:02]} Kb5 {[%clk 0:03:59]} 83. Rc3 {[%clk 0:03:58]} Bg4 {[%clk
0:02:26]} 84. Rg3 {[%clk 0:02:51]} 1/2-1/2

[Event "Irena Warakomska Memorial B"]
[Site "Suwalki"]
[Date "2020.08.07"]
[Round "2"]
[White "Wierzbicki, Michal"]
[Black "Racis, Michal"]
[Result "1-0"]
[Board "8"]
[WhiteElo "1849"]
[WhiteCountry "POL"]
[WhiteFideId "1185152"]
[WhiteEloChange "3"]
[BlackElo "1554"]
[BlackCountry "POL"]
[BlackFideId "21886717"]
[BlackEloChange "-3"]

1. d4 {[%clk 1:30:55]} d5 {[%clk 1:30:51]} 2. Nf3 {[%clk 1:31:07]} Nf6 {[%clk
1:30:58]} 3. c4 {[%clk 1:31:30]} e6 {[%clk 1:30:59]} 4. Nc3 {[%clk 1:28:57]} Be7
{[%clk 1:22:05]} 5. Bf4 {[%clk 1:21:48]} c6 {[%clk 1:20:47]} 6. e3 {[%clk
1:21:37]} b6 {[%clk 1:17:30]} 7. Qc2 {[%clk 1:16:36]} Bb7 {[%clk 1:16:28]} 8.
cxd5 {[%clk 1:15:26]} exd5 {[%clk 1:13:18]} 9. Bd3 {[%clk 1:14:00]} Nbd7 {[%clk
1:11:50]} 10. h3 {[%clk 1:08:46]} O-O {[%clk 1:11:19]} 11. Ne5 {[%clk 0:51:20]}
Rc8 {[%clk 1:05:43]} 12. Nxd7 {[%clk 0:50:21]} Qxd7 {[%clk 1:04:31]} 13. Bf5
{[%clk 0:50:47]} Qd8 {[%clk 1:01:56]} 14. Bxc8 {[%clk 0:50:48]} Qxc8 {[%clk
1:01:06]} 15. O-O {[%clk 0:50:37]} Qe6 {[%clk 0:57:13]} 16. Rfe1 {[%clk 0:47:00]}
Nh5 {[%clk 0:54:11]} 17. Bh2 {[%clk 0:35:03]} f5 {[%clk 0:52:17]} 18. Ne2 {[%clk
0:33:16]} g5 {[%clk 0:33:17]} 19. Be5 {[%clk 0:19:12]} Bf6 {[%clk 0:24:20]} 20.
Bxf6 {[%clk 0:19:20]} Rxf6 {[%clk 0:23:23]} 21. Ng3 {[%clk 0:12:18]} Ng7 {[%clk
0:22:23]} 22. f3 {[%clk 0:05:19]} Qd6 {[%clk 0:21:35]} 23. Nf1 {[%clk 0:05:09]}
Ba6 {[%clk 0:05:03]} 24. Rad1 {time[%clk 0:03:43]} 1-0

[Event "Irena Warakomska Memorial B"]
[Site "Suwalki"]
[Date "2020.08.07"]
[Round "2"]
[White "Borowik, Karol"]
[Black "Kaminski, Maciej"]
[Result "0-1"]
[Board "9"]
[WhiteElo "1472"]
[WhiteCountry "POL"]
[WhiteFideId "21837147"]
[WhiteEloChange "-2"]
[BlackElo "1840"]
[BlackCountry "POL"]
[BlackFideId "1175521"]
[BlackEloChange "2"]

1. d4 {[%clk 1:30:59]} Nf6 {[%clk 1:30:51]} 2. Nf3 {[%clk 1:31:13]} g6 {[%clk
1:31:15]} 3. c4 {[%clk 1:31:29]} Bg7 {[%clk 1:31:39]} 4. Nc3 {[%clk 1:31:53]} O-O
{[%clk 1:32:00]} 5. e4 {[%clk 1:31:55]} d6 {[%clk 1:32:24]} 6. Be2 {[%clk
1:32:13]} e5 {[%clk 1:32:46]} 7. d5 {[%clk 1:29:36]} a5 {[%clk 1:33:10]} 8. O-O
{[%clk 1:28:55]} h6 {[%clk 1:30:53]} 9. Ne1 {[%clk 1:22:51]} Na6 {[%clk 1:24:30]}
10. Be3 {[%clk 1:14:42]} Bd7 {[%clk 1:17:58]} 11. a3 {[%clk 1:07:47]} b6 {[%clk
1:14:50]} 12. Nd3 {[%clk 1:03:00]} Nc5 {[%clk 1:12:35]} 13. Bxc5 {[%clk 0:51:55]}
bxc5 {[%clk 1:12:29]} 14. b4 {[%clk 0:49:19]} axb4 {[%clk 1:05:29]} 15. axb4
{[%clk 0:49:26]} cxb4 {[%clk 1:03:36]} 16. Nxb4 {[%clk 0:49:01]} Rxa1 {[%clk
1:03:38]} 17. Qxa1 {[%clk 0:49:29]} Ne8 {[%clk 1:03:11]} 18. Qa6 {[%clk 0:32:23]}
Qg5 {[%clk 1:00:32]} 19. Qa2 {[%clk 0:20:55]} f5 {[%clk 0:59:11]} 20. Nd3 {[%clk
0:18:14]} fxe4 {[%clk 0:53:37]} 21. Nxe4 {[%clk 0:18:26]} Qh4 {[%clk 0:53:51]}
22. f3 {[%clk 0:13:15]} Bf5 {[%clk 0:52:15]} 23. Ndf2 {[%clk 0:12:56]} Bxe4
{[%clk 0:46:32]} 24. Nxe4 {[%clk 0:13:14]} Nf6 {[%clk 0:46:17]} 25. Bd3 {[%clk
0:10:59]} Qf4 {[%clk 0:39:27]} 26. Qd2 {[%clk 0:09:02]} Nd7 {[%clk 0:38:47]} 27.
Qxf4 {[%clk 0:08:19]} exf4 {[%clk 0:39:10]} 28. Rb1 {[%clk 0:07:20]} Bd4+ {[%clk
0:38:52]} 29. Kf1 {[%clk 0:06:21]} Ne5 {[%clk 0:38:43]} 30. Be2 {[%clk 0:06:48]}
Ra8 {[%clk 0:38:14]} 31. Nf6+ {[%clk 0:01:19]} Kg7 {[%clk 0:36:24]} 32. Ng4
{[%clk 0:01:47]} Nxg4 {[%clk 0:31:10]} 33. fxg4 {[%clk 0:02:16]} Kf6 {[%clk
0:31:30]} 34. h3 {[%clk 0:02:42]} Ra2 {[%clk 0:30:53]} 35. Bd3 {[%clk 0:00:58]}
Rf2+ {[%clk 0:30:54]} 36. Ke1 {[%clk 0:01:02]} Rxg2 {[%clk 0:31:14]} 37. Bf1
{[%clk 0:01:07]} Bc3+ {[%clk 0:30:23]} 38. Kd1 {[%clk 0:01:27]} Rf2 {[%clk
0:30:40]} 39. Be2 {[%clk 0:01:07]} f3 {[%clk 0:31:00]} 0-1

[Event "Irena Warakomska Memorial B"]
[Site "Suwalki"]
[Date "2020.08.07"]
[Round "2"]
[White "Wiszniewska, Gabriela"]
[Black "Borowik, Wojciech"]
[Result "0-1"]
[Board "17"]
[WhiteElo "1194"]
[WhiteCountry "POL"]
[WhiteFideId "21860513"]
[WhiteEloChange "-2"]
[BlackElo "1761"]
[BlackCountry "POL"]
[BlackFideId "21837155"]
[BlackEloChange "2"]

1. e4 {[%clk 1:30:30]} Nf6 {[%clk 1:30:30]} 2. Nc3 {[%clk 1:30:30]} g6 {[%clk
1:30:30]} 3. d4 {[%clk 1:30:30]} d6 {[%clk 1:30:30]} 4. Bc4 {[%clk 1:30:30]} Bg7
{[%clk 1:30:30]} 5. Nge2 {[%clk 1:30:30]} O-O {[%clk 1:30:30]} 6. O-O {[%clk
1:30:30]} Nbd7 {[%clk 1:30:30]} 7. h3 {[%clk 1:30:30]} c5 {[%clk 1:30:30]} 8.
dxc5 {[%clk 1:30:30]} Nxc5 {[%clk 1:30:30]} 9. f3 {[%clk 1:30:30]} a6 {[%clk
1:30:30]} 10. Be3 {[%clk 1:30:30]} b5 {[%clk 1:30:30]} 11. Bb3 {[%clk 1:30:30]}
Qc7 {[%clk 1:30:30]} 12. Nd5 {[%clk 1:30:30]} Nxd5 {[%clk 1:30:30]} 13. Bxd5
{[%clk 1:30:30]} Rb8 {[%clk 1:30:30]} 14. Rc1 {[%clk 1:30:30]} Bxb2 {[%clk
1:30:30]} 15. Rb1 {[%clk 1:30:30]} Bg7 {[%clk 1:30:30]} 16. c4 {[%clk 1:30:30]}
e6 {[%clk 1:30:30]} 17. cxb5 {[%clk 1:30:30]} exd5 {[%clk 1:30:30]} 18. Qxd5
{[%clk 1:30:30]} Be6 {[%clk 1:30:30]} 19. Qd2 {[%clk 1:30:30]} axb5 {[%clk
1:30:30]} 20. Rfd1 {[%clk 1:30:30]} Rbd8 {[%clk 1:30:30]} 21. Nd4 {[%clk
1:30:30]} Bc4 {[%clk 1:30:30]} 22. Rdc1 {[%clk 1:30:30]} Qd7 {[%clk 1:30:30]} 23.
Rd1 {[%clk 1:30:30]} Ne6 {[%clk 1:30:30]} 24. Nxe6 {[%clk 1:30:30]} Qxe6 {[%clk
1:30:30]} 25. a3 {[%clk 1:30:30]} Ra8 {[%clk 1:30:30]} 26. Bd4 {[%clk 1:30:30]}
Bxd4+ {[%clk 1:30:30]} 27. Qxd4 {[%clk 1:30:30]} Rxa3 {[%clk 1:30:30]} 28. Qxd6
{[%clk 1:30:30]} Qxd6 {[%clk 1:30:30]} 29. Rxd6 {[%clk 1:30:30]} 0-1

[Event "Irena Warakomska Memorial B"]
[Site "Suwalki"]
[Date "2020.08.07"]
[Round "2"]
[White "Wasik, Jozef"]
[Black "Szczepanska, Jagoda"]
[Result "1-0"]
[Board "18"]
[WhiteElo "1646"]
[WhiteCountry "POL"]
[WhiteFideId "1119982"]
[WhiteEloChange "2"]
[BlackElo "1015"]
[BlackCountry "POL"]
[BlackFideId "21030154"]
[BlackEloChange "-2"]

1. d4 {[%clk 1:30:30]} Nf6 {[%clk 1:30:30]} 2. Nf3 {[%clk 1:30:30]} g6 {[%clk
1:30:30]} 3. c4 {[%clk 1:30:30]} Bg7 {[%clk 1:30:30]} 4. Nc3 {[%clk 1:30:30]} d6
{[%clk 1:30:30]} 5. Bg5 {[%clk 1:30:30]} Bf5 {[%clk 1:30:30]} 6. Qb3 {[%clk
1:30:30]} Qc8 {[%clk 1:30:30]} 7. e3 {[%clk 1:30:30]} a6 {[%clk 1:30:30]} 8. Be2
{[%clk 1:30:30]} O-O {[%clk 1:30:30]} 9. O-O {[%clk 1:30:30]} Nbd7 {[%clk
1:30:30]} 10. Nh4 {[%clk 1:30:30]} e6 {[%clk 1:30:30]} 11. f3 {[%clk 1:30:30]} h6
{[%clk 1:30:30]} 12. Nxf5 {[%clk 1:30:30]} exf5 {[%clk 1:30:30]} 13. Bh4 {[%clk
1:30:30]} Re8 {[%clk 1:30:30]} 14. Bf2 {[%clk 1:30:30]} h5 {[%clk 1:30:30]} 15.
Bd3 {[%clk 1:30:30]} Nb6 {[%clk 1:30:30]} 16. e4 {[%clk 1:30:30]} f4 {[%clk
1:30:30]} 17. Rfe1 {[%clk 1:30:30]} Qd7 {[%clk 1:30:30]} 18. Rad1 {[%clk
1:30:30]} Rad8 {[%clk 1:30:30]} 19. c5 {[%clk 1:30:30]} Nc8 {[%clk 1:30:30]} 20.
Qxb7 {[%clk 1:30:30]} Ne7 {[%clk 1:30:30]} 21. Qxa6 {[%clk 1:30:30]} Ra8 {[%clk
1:30:30]} 22. Qc4 {[%clk 1:30:30]} Kh7 {[%clk 1:30:30]} 23. Qxf7 {[%clk 1:30:30]}
Kh6 {[%clk 1:30:30]} 24. e5 {[%clk 1:30:30]} dxe5 {[%clk 1:30:30]} 25. dxe5
{[%clk 1:30:30]} Nfg8 {[%clk 1:30:30]} 26. Bb5 {[%clk 1:30:30]} Qc8 {[%clk
1:30:30]} 27. Bxe8 {[%clk 1:30:30]} Qxe8 {[%clk 1:30:30]} 28. Qxe8 {[%clk
1:30:30]} Rxe8 {[%clk 1:30:30]} 29. Rd7 {[%clk 1:30:30]} c6 {[%clk 1:30:30]} 30.
g3 {[%clk 1:30:30]} fxg3 {[%clk 1:30:30]} 31. hxg3 {[%clk 1:30:30]} Rb8 {[%clk
1:30:30]} 32. Re2 {[%clk 1:30:30]} Ra8 {[%clk 1:30:30]} 33. f4 {[%clk 1:30:30]}
Ra5 {[%clk 1:30:30]} 34. Red2 {[%clk 1:30:30]} Kh7 {[%clk 1:30:30]} 35. a4 {[%clk
1:30:30]} Ra6 {[%clk 1:30:30]} 36. b4 {[%clk 1:30:30]} Kh6 {[%clk 1:30:30]} 37.
b5 {[%clk 1:30:30]} cxb5 {[%clk 1:30:30]} 38. axb5 {[%clk 1:30:30]} Ra8 {[%clk
1:30:30]} 39. c6 {[%clk 1:30:30]} Rb8 {[%clk 1:30:30]} 40. c7 {[%clk 1:30:30]}
1-0

[Event "Irena Warakomska Memorial B"]
[Site "Suwalki"]
[Date "2020.08.07"]
[Round "2"]
[White "Towarnicka, Izabela"]
[Black "Krzastek, Adrian"]
[Result "1-0"]
[Board "19"]
[WhiteElo "1397"]
[WhiteCountry "POL"]
[WhiteFideId "21033170"]
[WhiteEloChange "4"]
[BlackElo "1128"]
[BlackCountry "POL"]
[BlackFideId "21030111"]
[BlackEloChange "-4"]

1. e4 {[%clk 1:30:30]} c5 {[%clk 1:30:30]} 2. Nc3 {[%clk 1:30:30]} d6 {[%clk
1:30:30]} 3. Nf3 {[%clk 1:30:30]} Nf6 {[%clk 1:30:30]} 4. Bc4 {[%clk 1:30:30]} g6
{[%clk 1:30:30]} 5. d4 {[%clk 1:30:30]} cxd4 {[%clk 1:30:30]} 6. Qxd4 {[%clk
1:30:30]} Bg7 {[%clk 1:30:30]} 7. O-O {[%clk 1:30:30]} O-O {[%clk 1:30:30]} 8. h3
{[%clk 1:30:30]} Bd7 {[%clk 1:30:30]} 9. Nd5 {[%clk 1:30:30]} Nc6 {[%clk
1:30:30]} 10. Qe3 {[%clk 1:30:30]} Rc8 {[%clk 1:30:30]} 11. c3 {[%clk 1:30:30]}
Nxd5 {[%clk 1:30:30]} 12. Bxd5 {[%clk 1:30:30]} Qa5 {[%clk 1:30:30]} 13. Rd1
{[%clk 1:30:30]} a6 {[%clk 1:30:30]} 14. Bb3 {[%clk 1:30:30]} Ne5 {[%clk
1:30:30]} 15. Nxe5 {[%clk 1:30:30]} Qxe5 {[%clk 1:30:30]} 16. Rd5 {[%clk
1:30:30]} Qf6 {[%clk 1:30:30]} 17. Qg3 {[%clk 1:30:30]} Bc6 {[%clk 1:30:30]} 18.
Bg5 {[%clk 1:30:30]} Qe6 {[%clk 1:30:30]} 19. Rd4 {[%clk 1:30:30]} Qd7 {[%clk
1:30:30]} 20. Rb4 {[%clk 1:30:30]} a5 {[%clk 1:30:30]} 21. Rb6 {[%clk 1:30:30]}
Qc7 {[%clk 1:30:30]} 22. Qe3 {[%clk 1:30:30]} Bxe4 {[%clk 1:30:30]} 23. Re1
{[%clk 1:30:30]} e6 {[%clk 1:30:30]} 24. Ba4 {[%clk 1:30:30]} Bc6 {[%clk
1:30:30]} 25. Bxc6 {[%clk 1:30:30]} bxc6 {[%clk 1:30:30]} 26. Rb3 {[%clk
1:30:30]} Rb8 {[%clk 1:30:30]} 27. Rxb8 {[%clk 1:30:30]} Rxb8 {[%clk 1:30:30]}
28. b3 {[%clk 1:30:30]} Qb6 {[%clk 1:30:30]} 29. Qd3 {[%clk 1:30:30]} Qb5 {[%clk
1:30:30]} 30. Qxd6 {[%clk 1:30:30]} Bxc3 {[%clk 1:30:30]} 31. Rc1 {[%clk
1:30:30]} Bb4 {[%clk 1:30:30]} 32. Qg3 {[%clk 1:30:30]} Ba3 {[%clk 1:30:30]} 33.
Rc2 {[%clk 1:30:30]} Re8 {[%clk 1:30:30]} 34. Be3 {[%clk 1:30:30]} Qd5 {[%clk
1:30:30]} 35. Rd2 {[%clk 1:30:30]} Qf5 {[%clk 1:30:30]} 36. Bh6 {[%clk 1:30:30]}
Qh5 {[%clk 1:30:30]} 37. Be3 {[%clk 1:30:30]} Bc1 {[%clk 1:30:30]} 38. Rd7 {[%clk
1:30:30]} Bxe3 {[%clk 1:30:30]} 39. Qxe3 {[%clk 1:30:30]} Qf5 {[%clk 1:30:30]}
40. Qd2 {[%clk 1:30:30]} Kg7 {[%clk 1:30:30]} 41. Qc3+ {[%clk 1:30:30]} Kg8
{[%clk 1:30:30]} 42. a4 {[%clk 1:30:30]} Rb8 {[%clk 1:30:30]} 43. Qxc6 {[%clk
1:30:30]} Qb1+ {[%clk 1:30:30]} 44. Kh2 {[%clk 1:30:30]} Qxb3 {[%clk 1:30:30]}
45. Qc7 {[%clk 1:30:30]} Qb4 {[%clk 1:30:30]} 46. Rxf7 {[%clk 1:30:30]} h5 {[%clk
1:30:30]} 47. Rg7+ {[%clk 1:30:30]} 1-0